000 00469nam a2200157 i 4500
001 63819
003 ES-MaACL
005 20230906164957.0
007 t|
008 031217s1909 sp ||||1| spa d
100 1 _aFigueroa y López, Antonio.
_950803
245 1 0 _aConcepto anátomo-patológico de las fungosidades /
_cAntonio Figueroa y López.
260 _aMadrid :
_b[s.n.],
_c1909 (
_fImp. Helénica)
502 _aTesis doctoral.
852 _aES-MaACL
_jT-1210-F-4
999 _c63819
_d63819